000
00270nam a22001217a 4500
008
181207b xxu||||| |||| 00| 0 eng d
041
_a
eng
080
_a
710
100
_a
41
101
_a
ART
245
_a
The Art Of Western Africa
_c
William.F
942
_2
udc
_c
BK
999
_c
53050
_d
53050